[Event "Titled Tuesday intern op 31st Jan Early"]
[Site "Chess.com INT"]
[Date "2023.01.31"]
[Round "9"]
[White "Gressmann, Moritz"]
[Black "Erzhanov, Arman"]
[Result "0-1"]
[WhiteElo "2132"]
[BlackElo "2228"]
[PlyCount "82"]
[EventDate "2023.01.31"]
[EventType "swiss (blitz)"]
[EventRounds "11"]
[EventCountry "USA"]
[SourceTitle "CBM 212 Extra"]
[Source "ChessBase"]
[SourceDate "2023.03.31"]
[SourceVersion "1"]
[SourceVersionDate "2023.03.31"]
[SourceQuality "1"]

1. e4 c5 2. Nf3 Nc6 3. Bb5 d6 4. Bxc6+ bxc6 5. 0-0 e5 6. c3 f5 7. exf5 Bxf5 8. d4 cxd4 9. cxd4 e4 10. Re1 Be7 11. Nfd2 d5 12. f3 Nf6 13. Nc3 Qb6 14. Nb3 0-0 15. Bg5 Rae8 16. fxe4 Nxe4 17. Bxe7 Rxe7 18. Nxe4 Bxe4 19. Qd2 Ref7 20. Nc5 Rf2 21. Re2 Rxe2 22. Qxe2 Qb4 23. Rd1 Bf5 24. a3 Qb8 25. Rf1 Re8 26. Qf2 Bg6 27. Nd7 Qd6 28. Ne5 h6 29. Rc1 Rc8 30. Qg3 Kh7 31. Qc3 Be4 32. Qg3 c5 33. dxc5 Rxc5 34. Rxc5 Qxc5+ 35. Qf2 Qc1+ 36. Qf1 Qxb2 37. Nf3 Qxa3 38. Qd1 Qe3+ 39. Kh1 Bxf3 40. gxf3 d4 41. Qb1+ d3 0-1

[Event "Titled Tuesday intern op 31st Jan Early"]
[Site "Chess.com INT"]
[Date "2023.01.31"]
[Round "11"]
[White "Novikova, Margarita"]
[Black "Gressmann, Moritz"]
[Result "0-1"]
[WhiteElo "2013"]
[BlackElo "2132"]
[PlyCount "52"]
[EventDate "2023.01.31"]
[EventType "swiss (blitz)"]
[EventRounds "11"]
[EventCountry "USA"]
[SourceTitle "CBM 212 Extra"]
[Source "ChessBase"]
[SourceDate "2023.03.31"]
[SourceVersion "1"]
[SourceVersionDate "2023.03.31"]
[SourceQuality "1"]

1. e4 e5 2. Nf3 Nf6 3. Nxe5 Nc6 4. Nxc6 dxc6 5. Nc3 Bc5 6. Bc4 Bxf2+ 7. Kxf2 Qd4+ 8. Kf1 Qxc4+ 9. d3 Qc5 10. h3 Be6 11. Qe1 0-0-0 12. Be3 Qb4 13. Nd1 Qd6 14. Ke2 Rhe8 15. Nf2 c5 16. b3 Kb8 17. Qa5 b6 18. Qc3 Bc8 19. Kd2 Nxe4+ 20. Nxe4 Rxe4 21. Rae1 Qg3 22. Rhg1 Rxe3 23. Rxe3 Qf2+ 24. Re2 Qxg1 25. Qxg7 Qf1 26. Qxf7 Qxf7 0-1

[Event "Titled Tuesday intern op 17th Jan Early"]
[Site "Chess.com INT"]
[Date "2023.01.17"]
[Round "5"]
[White "Nikulina, Alena"]
[Black "Gressmann, Moritz"]
[Result "0-1"]
[WhiteElo "1857"]
[BlackElo "2132"]
[PlyCount "60"]
[EventDate "2023.01.17"]
[EventType "swiss (blitz)"]
[EventRounds "11"]
[EventCountry "USA"]
[SourceTitle "CBM 212 Extra"]
[Source "ChessBase"]
[SourceDate "2023.03.31"]
[SourceVersion "1"]
[SourceVersionDate "2023.03.31"]
[SourceQuality "1"]

1. e4 Nf6 2. e5 Nd5 3. d4 d6 4. Bc4 Nb6 5. Bb3 dxe5 6. Qh5 e6 7. dxe5 Nc6 8. Nf3 Bc5 9. 0-0 a5 10. a4 Nd4 11. Ng5 g6 12. Qh6 Bf8 13. Qh3 Ne2+ 14. Kh1 Nxc1 15. Rxc1 Qxg5 16. Re1 Bg7 17. Nc3 0-0 18. Re3 Nd5 19. Nxd5 exd5 20. Qf3 d4 21. Re4 Bf5 22. Rf4 Bxe5 23. Rxf5 Qxf5 24. Qxb7 Rab8 25. Qd5 Rfd8 26. Qxa5 d3 27. Re1 d2 28. Rd1 Qf4 29. g3 Qf3+ 30. Kg1 Qxd1+ 0-1

[Event "Titled Tuesday intern op 10th Jan Early"]
[Site "Chess.com INT"]
[Date "2023.01.10"]
[Round "6"]
[White "Clawitter, Craig"]
[Black "Gressmann, Moritz"]
[Result "0-1"]
[WhiteElo "2050"]
[BlackElo "2132"]
[PlyCount "46"]
[EventDate "2023.01.10"]
[EventType "swiss (blitz)"]
[EventRounds "11"]
[EventCountry "USA"]
[SourceTitle "EXT 2024"]
[Source "ChessBase"]
[SourceDate "2023.10.10"]
[SourceVersion "1"]
[SourceVersionDate "2023.10.10"]
[SourceQuality "1"]

1. e4 d5 2. exd5 Qxd5 3. Nc3 Qa5 4. d4 Nf6 5. Nf3 c6 6. Ne5 Bf5 7. g4 Be4 8. Nc4 Qc7 9. Nxe4 Nxe4 10. Qf3 Nf6 11. Bf4 Qd7 12. g5 Nd5 13. Bh3 e6 14. Ne5 Qe7 15. Bd2 Nd7 16. Nxd7 Qxd7 17. 0-0-0 0-0-0 18. Rhe1 Kb8 19. Kb1 Ka8 20. c4 Nb6 21. Rc1 Qxd4 22. Bc3 Qd3+ 23. Qxd3 Rxd3 0-1

[Event "Titled Tuesday intern op 10th Jan Early"]
[Site "Chess.com INT"]
[Date "2023.01.10"]
[Round "7"]
[White "Gressmann, Moritz"]
[Black "Ezat, Mohamed Mahmoud"]
[Result "0-1"]
[WhiteElo "2132"]
[BlackElo "2400"]
[PlyCount "68"]
[EventDate "2023.01.10"]
[EventType "swiss (blitz)"]
[EventRounds "11"]
[EventCountry "USA"]
[SourceTitle "EXT 2024"]
[Source "ChessBase"]
[SourceDate "2023.10.10"]
[SourceVersion "1"]
[SourceVersionDate "2023.10.10"]
[SourceQuality "1"]

1. e4 c6 2. c4 d5 3. cxd5 cxd5 4. exd5 Nf6 5. Nc3 Nxd5 6. Bc4 Nb6 7. Bb3 Nc6 8. Qf3 e6 9. Nge2 Be7 10. 0-0 0-0 11. d4 Nxd4 12. Nxd4 Qxd4 13. Be3 Qf6 14. Qg3 Qg6 15. Qf3 Bf6 16. Nb5 Nd5 17. Bxd5 exd5 18. Nc7 Bg4 19. Qxd5 Rac8 20. Qxb7 Rb8 21. Qd5 Rfd8 22. Qc6 Kh8 23. Bxa7 Rxb2 24. Nd5 Bf3 25. Nf4 Bxc6 26. Nxg6+ hxg6 27. Rac1 Bb5 28. Bb6 Rb8 29. Bc7 Bxf1 30. Bxb8 Bc4 31. g3 Bxa2 32. Rc8+ Kh7 33. Kg2 Bd5+ 34. Kh3 Be6+ 0-1

[Event "Titled Tuesday intern op 03rd Jan Early"]
[Site "Chess.com INT"]
[Date "2023.01.03"]
[Round "2"]
[White "Gressmann, Moritz"]
[Black "Berezin, Viktor1111"]
[Result "0-1"]
[WhiteElo "2132"]
[BlackElo "2307"]
[PlyCount "88"]
[EventDate "2023.01.03"]
[EventType "swiss (blitz)"]
[EventRounds "11"]
[EventCountry "USA"]
[SourceTitle "EXT 2024"]
[Source "ChessBase"]
[SourceDate "2023.10.10"]
[SourceVersion "1"]
[SourceVersionDate "2023.10.10"]
[SourceQuality "1"]

1. Nf3 Nf6 2. g3 g6 3. Bg2 Bg7 4. 0-0 0-0 5. d4 d6 6. c4 Nc6 7. Nc3 a6 8. b3 Rb8 9. Bb2 b5 10. c5 d5 11. Ne5 Bb7 12. f4 e6 13. Re1 Ne7 14. e4 Nxe4 15. Nxe4 dxe4 16. Bxe4 Bxe4 17. Rxe4 Qd5 18. Re2 Rbd8 19. Rd2 Nf5 20. Qf3 f6 21. Qxd5 Rxd5 22. Nc6 Rd7 23. Re1 Kf7 24. g4 Nh4 25. Kf2 g5 26. Kg3 Ng6 27. f5 exf5 28. gxf5 Nh4 29. Rf2 Re8 30. Rxe8 Kxe8 31. Nb8 Rd5 32. Kg4 a5 33. Re2+ Kf8 34. Rf2 Kf7 35. Nc6 a4 36. bxa4 bxa4 37. a3 Nxf5 38. Nb4 h5+ 39. Kxh5 Rxd4 40. Bxd4 Nxd4 41. Rd2 f5 42. Nc2 Ne6 43. Rd7+ Kf6 44. Nd4 Nf4# 0-1

[Event "Titled Tuesday intern op 03rd Jan Early"]
[Site "Chess.com INT"]
[Date "2023.01.03"]
[Round "9"]
[White "Mikhalsky, Vladimir"]
[Black "Gressmann, Moritz"]
[Result "0-1"]
[WhiteElo "2269"]
[BlackElo "2132"]
[PlyCount "32"]
[EventDate "2023.01.03"]
[EventType "swiss (blitz)"]
[EventRounds "11"]
[EventCountry "USA"]
[SourceTitle "EXT 2024"]
[Source "ChessBase"]
[SourceDate "2023.10.10"]
[SourceVersion "1"]
[SourceVersionDate "2023.10.10"]
[SourceQuality "1"]

1. e4 e5 2. Nf3 Nf6 3. Nxe5 Nc6 4. Nxc6 dxc6 5. Nc3 Bc5 6. Be2 h5 7. 0-0 Ng4 8. h3 Qd6 9. Bxg4 hxg4 10. e5 Qg6 11. d4 gxh3 12. g3 Bg4 13. f3 h2+ 14. Kh1 Bh3 15. Rf2 Qxg3 16. dxc5 Qxf2 0-1

[Event "Pardubice rapid op 33rd"]
[Site "Pardubice"]
[Date "2022.07.21"]
[Round "7"]
[White "Gressmann, Moritz"]
[Black "Harsha, Bharathakoti"]
[Result "0-1"]
[WhiteElo "2114"]
[BlackElo "2547"]
[PlyCount "66"]
[EventDate "2022.07.20"]
[EventType "swiss (rapid)"]
[EventRounds "9"]
[EventCountry "CZE"]
[SourceTitle "CBM 209 Extra"]
[Source "ChessBase"]
[SourceDate "2022.09.30"]
[SourceVersion "1"]
[SourceVersionDate "2022.09.30"]
[SourceQuality "1"]

1. d4 Nf6 2. Nf3 c5 3. d5 b5 4. Bg5 g6 5. Bxf6 exf6 6. Nbd2 f5 7. e4 fxe4 8. Nxe4 f5 9. Ned2 b4 10. Nc4 d6 11. h4 h6 12. Qe2+ Kf7 13. 0-0-0 Qf6 14. Re1 Bg7 15. Kb1 Rf8 16. Ng5+ hxg5 17. hxg5 Qd8 18. f4 a5 19. g3 Ra7 20. Rh7 Kg8 21. Qh2 Re7 22. Be2 Ba6 23. Rh1 Bxc4 24. Bxc4 Rfe8 25. Be2 Nd7 26. g4 Nf8 27. Rxg7+ Rxg7 28. Qh8+ Kf7 29. gxf5 Rxe2 30. f6 Rg8 31. Rh7+ Nxh7 32. Qxh7+ Kf8 33. Qh6+ Ke8 0-1

[Event "Pardubice rapid op 33rd"]
[Site "Pardubice"]
[Date "2022.07.21"]
[Round "6"]
[White "Vykouk, Jan"]
[Black "Gressmann, Moritz"]
[Result "0-1"]
[WhiteElo "2476"]
[BlackElo "2114"]
[PlyCount "104"]
[EventDate "2022.07.20"]
[EventType "swiss (rapid)"]
[EventRounds "9"]
[EventCountry "CZE"]
[SourceTitle "CBM 209 Extra"]
[Source "ChessBase"]
[SourceDate "2022.09.30"]
[SourceVersion "1"]
[SourceVersionDate "2022.09.30"]
[SourceQuality "1"]

1. e4 e5 2. Nf3 Nc6 3. Bc4 Nf6 4. d3 Bc5 5. Nbd2 d6 6. c3 a6 7. Bb3 Ba7 8. h3 0-0 9. 0-0 h6 10. Re1 Nh5 11. d4 Qf6 12. Nxe5 dxe5 13. Qxh5 exd4 14. e5 Qf5 15. Qxf5 Bxf5 16. g4 Be6 17. Bc2 Rad8 18. Kg2 Bd5+ 19. Kg3 f6 20. e6 Rfe8 21. Bf5 Rd6 22. Ne4 Bxe4 23. Bxe4 Kh8 24. Bf5 Ne7 25. Bf4 Nxf5+ 26. gxf5 Rd5 27. Bxc7 dxc3 28. bxc3 Rxf5 29. f3 Rc5 30. Bf4 Rc6 31. Rad1 Rcxe6 32. Rxe6 Rxe6 33. Rd7 Re2 34. Rxb7 Bf2+ 35. Kg4 Rxa2 36. Kh5 Kh7 37. Bd6 Ra5+ 38. Kg4 Rg5+ 39. Kf4 Bg3+ 40. Ke4 Bxd6 41. Rb6 Re5+ 42. Kd3 Bc7 43. Rxa6 Rh5 44. c4 Rxh3 45. Ke4 Rh1 46. c5 Rc1 47. Kd5 h5 48. c6 Kg6 49. Ke6 h4 50. Kd7 Bf4 51. Ra4 Kg5 52. Ra5+ f5 0-1

[Event "Pardubice rapid op 33rd"]
[Site "Pardubice"]
[Date "2022.07.20"]
[Round "1"]
[White "Gressmann, Moritz"]
[Black "Krejci, Jan2222"]
[Result "1-0"]
[WhiteElo "2114"]
[BlackElo "1469"]
[PlyCount "36"]
[EventDate "2022.07.20"]
[EventType "swiss (rapid)"]
[EventRounds "9"]
[EventCountry "CZE"]
[SourceTitle "CBM 209 Extra"]
[Source "ChessBase"]
[SourceDate "2022.09.30"]
[SourceVersion "1"]
[SourceVersionDate "2022.09.30"]
[SourceQuality "1"]

1. e4 e6 2. c4 c6 3. e5 d6 4. exd6 Bxd6 5. d4 Nf6 6. Nf3 b6 7. Nc3 Bb7 8. Be2 Nbd7 9. Bg5 h6 10. Bh4 g5 11. Bg3 Bxg3 12. hxg3 Qe7 13. Nxg5 0-0-0 14. Nf3 e5 15. 0-0 h5 16. Qa4 exd4 17. Nxd4 Qc5 18. Nb3 Qe7 1-0

[Event "Reinstorf op"]
[Site "Reinstorf"]
[Date "2022.02.05"]
[Round "8"]
[White "Reichmann, Felix"]
[Black "Gressmann, Moritz"]
[Result "1/2-1/2"]
[WhiteElo "1807"]
[BlackElo "2114"]
[PlyCount "90"]
[EventDate "2022.01.29"]
[EventType "swiss"]
[EventRounds "9"]
[EventCountry "GER"]
[SourceTitle "CBM 206 Extra"]
[Source "ChessBase"]
[SourceDate "2022.03.31"]
[SourceVersion "1"]
[SourceVersionDate "2022.03.31"]
[SourceQuality "1"]

1. c4 e5 2. Nc3 Nf6 3. Nf3 Nc6 4. e4 Bb4 5. d3 d6 6. a3 Bxc3+ 7. bxc3 h6 8. h3 Ne7 9. g3 a6 10. a4 Bd7 11. Bg2 b5 12. axb5 axb5 13. Rxa8 Qxa8 14. cxb5 Bxb5 15. c4 Bc6 16. 0-0 0-0 17. Be3 Rb8 18. Qa1 Qb7 19. Nd2 Ra8 20. Qc3 Ra2 21. Ra1 Qa8 22. Rxa2 Qxa2 23. d4 Nxe4 24. Nxe4 Qb1+ 25. Kh2 Bxe4 26. f3 Qd3 27. Qxd3 Bxd3 28. dxe5 Bxc4 29. exd6 cxd6 30. f4 f5 31. Kg1 Kf7 32. Kf2 Bd5 33. Bf1 Ke6 34. Bd4 g6 35. Bb5 Bb7 36. Bc4+ Bd5 37. Bb5 Bb7 38. Bc4+ d5 39. Bb5 Bc6 40. Ba6 Bd7 41. Bb7 Bc6 42. Ba6 Kf7 43. h4 h5 44. Ke3 Ba4 45. Bb7 Bc6 1/2-1/2

[Event "Reinstorf op"]
[Site "Reinstorf"]
[Date "2022.02.04"]
[Round "7"]
[White "Gressmann, Moritz"]
[Black "Ewert, Hannes"]
[Result "0-1"]
[WhiteElo "2114"]
[BlackElo "2274"]
[PlyCount "98"]
[EventDate "2022.01.29"]
[EventType "swiss"]
[EventRounds "9"]
[EventCountry "GER"]
[SourceTitle "CBM 206 Extra"]
[Source "ChessBase"]
[SourceDate "2022.03.31"]
[SourceVersion "1"]
[SourceVersionDate "2022.03.31"]
[SourceQuality "1"]

1. e4 e5 2. Nf3 Nc6 3. Bc4 Bc5 4. c3 Nf6 5. d4 exd4 6. b4 Be7 7. e5 Ne4 8. b5 Na5 9. Bd3 d5 10. exd6 Nxd6 11. cxd4 0-0 12. 0-0 c6 13. bxc6 Nxc6 14. Nbd2 Bf5 15. Bxf5 Nxf5 16. Nb3 Qd5 17. Bb2 Rfd8 18. Rc1 Rac8 19. Re1 Bb4 20. Re2 b6 21. Rec2 f6 22. Qd3 Nfe7 23. Qc4 Qxc4 24. Rxc4 Kf7 25. g3 Bd6 26. Kg2 Nb4 27. Ba3 Nxa2 28. Rxc8 Nxc8 29. Rxc8 Rxc8 30. Bxd6 Ke6 31. Bf4 a5 32. Ne1 Kd5 33. Be3 Nb4 34. Kf3 Rc3 35. Nc1 Nc2 36. Nxc2 Rxc2 37. Nd3 b5 38. Nf4+ Kd6 39. Ke4 b4 40. Kd3 b3 41. Bd2 Ra2 42. Ne2 a4 43. Nc3 Ra1 44. Ne4+ Kd5 45. Nc3+ Kc6 46. Be3 a3 47. d5+ Kd7 48. Bd4 b2 49. Bc5 a2 0-1

[Event "Pardubice Czech op-A 32nd"]
[Site "Pardubice"]
[Date "2021.07.31"]
[Round "9"]
[White "Hladky, Tadeas"]
[Black "Gressmann, Moritz"]
[Result "1-0"]
[WhiteElo "1968"]
[BlackElo "2141"]
[PlyCount "75"]
[EventDate "2021.07.23"]
[EventType "swiss"]
[EventRounds "9"]
[EventCountry "CZE"]
[SourceTitle "EXT 2022"]
[Source "ChessBase"]
[SourceDate "2021.10.06"]
[SourceVersion "1"]
[SourceVersionDate "2021.10.06"]
[SourceQuality "1"]

1. e4 e5 2. Nf3 Nc6 3. Bc4 Nf6 4. d3 Bc5 5. c3 d6 6. 0-0 a6 7. Bb3 Ba7 8. Nbd2 0-0 9. h3 h6 10. Re1 Nh5 11. Nc4 Qf6 12. Ne3 Nf4 13. Nd5 Nxd5 14. Bxd5 Ne7 15. Bb3 Ng6 16. d4 Nf4 17. Bxf4 Qxf4 18. Qd3 Re8 19. Rad1 Bb6 20. Nh2 Bd7 21. Re3 Bb5 22. c4 Bc6 23. c5 dxc5 24. dxc5 Bxc5 25. Rf3 Bxe4 26. Rxf4 Bxd3 27. Rxf7 Bc2 28. Rdd7 Bxb3 29. Rxg7+ Kf8 30. axb3 Re7 31. Rgxe7 Bxe7 32. Rxc7 Rd8 33. Ng4 e4 34. Kf1 Rd2 35. Nxh6 b6 36. Rc8+ Bd8 37. Ke1 Rd3 38. Ng4 1-0

[Event "Pardubice Czech op-A 32nd"]
[Site "Pardubice"]
[Date "2021.07.29"]
[Round "7"]
[White "Houska, Jiri"]
[Black "Gressmann, Moritz"]
[Result "1-0"]
[WhiteElo "2246"]
[BlackElo "2141"]
[PlyCount "111"]
[EventDate "2021.07.23"]
[EventType "swiss"]
[EventRounds "9"]
[EventCountry "CZE"]
[SourceTitle "CBM 203 Extra"]
[Source "ChessBase"]
[SourceDate "2021.09.30"]
[SourceVersion "1"]
[SourceVersionDate "2021.09.30"]
[SourceQuality "1"]

1. e4 e5 2. Nf3 Nc6 3. Bb5 a6 4. Bxc6 dxc6 5. 0-0 Bg4 6. h3 Bh5 7. g4 Bg6 8. Nxe5 Qh4 9. Qf3 f6 10. Nxg6 hxg6 11. Kg2 g5 12. d3 0-0-0 13. Nd2 Ne7 14. Rh1 Kb8 15. Nc4 Ng6 16. Qf5 Ne7 17. Qf3 Ng6 18. Kf1 Bd6 19. Qf5 Ne7 20. Qa5 Ng6 21. Qf5 Ne7 22. Qa5 Ng6 23. Nxd6 Rxd6 24. Ke2 Re8 25. Be3 Ne5 26. Raf1 Rde6 27. f4 Nc4 28. Qc5 gxf4 29. Bxf4 Nd6 30. Kd1 g5 31. Bd2 Qg3 32. Be1 Qg2 33. Qf2 Qxf2 34. Rxf2 Rh8 35. Bc3 Rh6 36. Rf3 c5 37. Rhf1 Ne8 38. Ke2 c4 39. Kf2 c5 40. Kg2 cxd3 41. cxd3 Kc7 42. Rf5 Kc6 43. b4 cxb4 44. Bxb4 b6 45. Bc3 Kd7 46. e5 fxe5 47. Bxe5 Rhg6 48. d4 Rc6 49. R1f2 Nd6 50. Rf8 Ke7 51. R8f6 Ne4 52. Rxg6 Rxg6 53. Rc2 Rh6 54. Kf3 Nd6 55. Rc7+ Kd8 56. Rc6 1-0

[Event "Erfurt op 28th"]
[Site "Erfurt"]
[Date "2018.12.28"]
[Round "4"]
[White "Lagunow, Alexander"]
[Black "Gressmann, Moritz"]
[Result "1/2-1/2"]
[WhiteElo "2392"]
[BlackElo "2124"]
[PlyCount "104"]
[EventDate "2018.12.26"]
[EventType "swiss"]
[EventRounds "8"]
[EventCountry "GER"]
[SourceTitle "CBM 188 Extra"]
[Source "ChessBase"]
[SourceDate "2019.02.26"]
[SourceVersion "1"]
[SourceVersionDate "2019.02.26"]
[SourceQuality "1"]

1. c4 e5 2. Nc3 Nf6 3. g3 d5 4. cxd5 Nxd5 5. Bg2 Nb6 6. Nf3 Nc6 7. 0-0 Be7 8. d3 0-0 9. Be3 Be6 10. a3 f6 11. Nd2 Nd5 12. Qb3 Na5 13. Bxd5 Nxb3 14. Bxe6+ Kh8 15. Nxb3 f5 16. Bd5 c6 17. Bg2 h5 18. f4 exf4 19. gxf4 Bf6 20. Bc5 Re8 21. Bf3 Re6 22. Kh1 b6 23. Bg1 Rc8 24. d4 g6 25. Rad1 Bg7 26. d5 cxd5 27. Nd4 Re8 28. Ndb5 Qf6 29. Bd4 Qe6 30. Nxa7 Bxd4 31. Rxd4 Rxc3 32. bxc3 Qd7 33. Rxd5 Qxa7 34. Rd6 Kh7 35. Rb1 Qxa3 36. Rbxb6 Qxc3 37. Rxg6 Qe1+ 38. Rg1 Qh4 39. Rbg6 Qxf4 40. Rg7+ Kh8 41. R7g5 Re6 42. Bxh5 Rf6 43. Bf3 Kh7 44. Rg7+ Kh6 45. Rg8 Kh7 46. R1g7+ Kh6 47. Rg3 Kh7 48. R8g7+ Kh6 49. Kg2 Re6 50. Rg8 Kh7 51. h4 Rd6 52. R3g7+ Kh6 1/2-1/2